[Event "Oberliga Nord N9495"]
[Site "Germany"]
[Date "1994.??.??"]
[Round "?"]
[White "Zieher, Hartmut"]
[Black "Joecks, Christian"]
[Result "1/2-1/2"]
[WhiteElo "2225"]
[BlackElo "2340"]

1.e4 c5 2.Nf3 d6 3.d4 cxd4 4.Nxd4 Nf6 5.Nc3 a6 6.Be3 e6 7.f4 b5 8.Qf3 Bb7
9.Bd3 Qc7 10.g4 Nc6 11.g5 Nd7 12.Qh3 g6 13.Nxc6 Bxc6 14.Bd4 e5 15.fxe5 Nxe5
16.Bxe5 dxe5 17.O-O-O Bg7 18.Qg3 O-O 19.h4 b4 20.Ne2 Rfd8 21.Kb1 Bb5 22.Nc1 Bc4
23.h5 a5 24.hxg6 hxg6 25.Qh2 a4 26.Qh7+ Kf8 27.Rhf1 Bxd3 28.Rxd3 Rxd3 29.Nxd3 b3
30.axb3 axb3 31.cxb3 Qa5 32.Qh3 Kg8 33.Rxf7 Kxf7 34.Qd7+ Kg8 35.Qe6+ Kf8
36.Qd6+ Kg8 37.Qe6+ Kh7 38.Qh3+ Kg8 39.Qe6+  1/2-1/2

[Event "Landesliga S9495 Bayern"]
[Site "Germany"]
[Date "1994.??.??"]
[Round "3"]
[White "Hartmann, Wolfram"]
[Black "Pflug, Matthias"]
[Result "1-0"]
[WhiteElo "2170"]
[BlackElo "1810"]

1.e4 c5 2.Nf3 d6 3.d4 cxd4 4.Nxd4 Nf6 5.Nc3 a6 6.Be3 Ng4 7.Bg5 h6 8.Bc1 e5
9.Nb3 Be6 10.f3 Nf6 11.Be3 Be7 12.Qd2 Nbd7 13.O-O-O b5 14.Qf2 Qc7 15.Kb1 Nc5
16.g4 Nfd7 17.Nd5 Bxd5 18.exd5 Rc8 19.h4 g6 20.Bh3 a5 21.Nxc5 dxc5 22.g5 h5
23.d6 Bxd6 24.Qd2 Ke7 25.Qxd6+ Qxd6 26.Rxd6 Kxd6 27.Rd1+ Kc7 28.Rxd7+ Kc6
29.Rxf7 Rcf8 30.Rf6+ Rxf6 31.gxf6 Rf8 32.Bg5 Kd6 33.Bf1 c4 34.a4  1-0

[Event "Graz-ch"]
[Site "Graz"]
[Date "1994.??.??"]
[Round "9"]
[White "Halser, Walter"]
[Black "Vombek, Dani"]
[Result "0-1"]
[WhiteElo "2125"]
[BlackElo "2225"]

1.e4 c5 2.Nf3 d6 3.d4 cxd4 4.Nxd4 Nf6 5.Nc3 a6 6.Be3 e5 7.Nf3 Qc7 8.a4 Be7
9.Bd3 O-O 10.h3 Nc6 11.g4 Nb4 12.g5 Ne8 13.a5 Be6 14.h4 g6 15.h5 Ng7 16.hxg6 fxg6
17.Nh2 Qd7 18.Be2 Kh8 19.Nd5 Bxd5 20.exd5 Qf5 21.Bd3 e4 22.Be2 Nxd5 23.Bd4 e3
24.Ng4 exf2+ 25.Kf1 Qxg5 26.Ra3 h5 27.c4 Nf4 28.Bf3 Rae8 29.Re3 Kg8 30.Bxg7 Kxg7
31.Qd4+ Bf6 32.Nxf6 Qxf6 33.Qxf6+ Kxf6 34.Kxf2 g5 35.Rd1 Rxe3 36.Kxe3 Ke5
37.Bxb7 Rb8 38.Bxa6 Rb3+ 39.Kf2 Rxb2+ 40.Ke3 Re2+ 41.Kf3 g4+ 42.Kg3 Kf5 43.Bb7 Kg5
44.Rh1 Ra2 45.a6 h4+  0-1

[Event "Guines"]
[Site "Guines"]
[Date "1994.??.??"]
[Round "3"]
[White "Lugo, Blas"]
[Black "Reynaldo, Jorge"]
[Result "1-0"]
[WhiteElo "2380"]
[BlackElo "2320"]

1.e4 c5 2.Nf3 d6 3.d4 cxd4 4.Nxd4 Nf6 5.Nc3 a6 6.Be3 e5 7.Nb3 Be6 8.Be2 Be7
9.O-O O-O 10.Nd5 Nxd5 11.exd5 Bf5 12.Qd2 Nd7 13.Na5 Qc8 14.Rfe1 Bg6 15.c4 Bd8
16.Nb3 b6 17.Qd1 f5 18.f4 Nf6 19.Rc1 Qb8 20.Bf3 Ra7 21.Na1 Bf7 22.Nc2 Rd7
23.Nb4 Qb7 24.Nc6 Bc7 25.Qc2 e4 26.Be2 b5 27.b3 Bb6 28.Qd2 Kh8 29.Nd4 Bxd4
30.Bxd4 Bg8 31.Rc3 b4 32.Rg3 h6 33.Ra1 Qb8 34.a3 a5 35.axb4 axb4 36.Ra4 Rb7
37.Bf2 Qc7 38.Rxb4 Qa5 39.Be1 Qa7+ 40.Qe3  1-0

[Event "Guines"]
[Site "Guines"]
[Date "1994.??.??"]
[Round "7"]
[White "Lugo, Blas"]
[Black "Leyva, Hector"]
[Result "0-1"]
[WhiteElo "2380"]
[BlackElo "2300"]

1.e4 c5 2.Nf3 d6 3.d4 cxd4 4.Nxd4 Nf6 5.Nc3 a6 6.Be3 e5 7.Nb3 Be7 8.Be2 Be6
9.O-O O-O 10.Nd5 Bxd5 11.exd5 Nbd7 12.c4 a5 13.Bd3 b6 14.Nd2 Nc5 15.Bc2 Nfd7
16.f3 Bg5 17.Bf2 f5 18.b3 Qf6 19.Re1 Rae8 20.Nf1 e4 21.Bd4 Qh6 22.a3 Bf6
23.Bxf6 Qxf6 24.Kh1 Ne5 25.fxe4 fxe4 26.Qd4 Qh4 27.Ne3 Rf2 28.Rf1 Nf3 29.Qxg7+ Kxg7
30.Nf5+ Kg8 31.Nxh4 Rxf1+ 32.Rxf1 Nxh4 33.g3 Nf3 34.Rf2 e3  0-1

[Event "Gyongyos op"]
[Site "Gyongyos"]
[Date "1994.??.??"]
[Round "?"]
[White "Dovzik, Juri"]
[Black "Sotnikov, Igor"]
[Result "0-1"]
[WhiteElo "2375"]
[BlackElo "2340"]

1.e4 c5 2.Nf3 d6 3.d4 cxd4 4.Nxd4 Nf6 5.Nc3 a6 6.Be3 Ng4 7.Bc4 Nxe3 8.fxe3 e6
9.O-O Be7 10.Qh5 O-O 11.Rxf7 Rxf7 12.Nxe6 Bxe6 13.Bxe6 Qe8 14.Rf1 Bf6 15.Qg4 Nd7
16.Nd5 h5 17.Qf5 Rc8 18.e5 dxe5 19.Nxf6+ gxf6 20.Rd1 Rc7 21.Qg6+ Kf8 22.Rd6 Ke7
23.Qd3 Rg7 24.Qd5 Kd8 25.Bf5 Rc6 26.Rxc6 bxc6 27.Qxc6 Ke7 28.Qxa6 Qb8 29.Qe6+ Kd8
30.Qd5 Qxb2 31.h3 Qb6 32.Kh2  0-1

[Event "EU-ch U18"]
[Site "Hania"]
[Date "1994.??.??"]
[Round "1"]
[White "Kaminski, Marcin"]
[Black "Hedman, Erik"]
[Result "1/2-1/2"]
[WhiteElo "2440"]
[BlackElo "2275"]

1.e4 c5 2.Nf3 d6 3.d4 cxd4 4.Nxd4 Nf6 5.Nc3 a6 6.Be3 e5 7.Nb3 Be6 8.f4 exf4
9.Bxf4 Nc6 10.Qd2 d5 11.O-O-O Bb4 12.Qd3 Nxe4 13.Nxe4 dxe4 14.Qxe4 Qe7 15.Be2 O-O
16.c3 Bxc3 17.Bd6 Qg5+ 18.Bf4 Qe7  1/2-1/2

[Event "Hania op"]
[Site "Hania"]
[Date "1994.??.??"]
[Round "2"]
[White "Rytshagov, Mikhail"]
[Black "Novidis, Nikolaos"]
[Result "1-0"]
[WhiteElo "2460"]
[BlackElo "2185"]

1.e4 c5 2.Nf3 d6 3.d4 cxd4 4.Nxd4 Nf6 5.Nc3 a6 6.Be3 e6 7.g4 h6 8.Qf3 Qc7
9.Bg2 Nc6 10.h3 Bd7 11.O-O Be7 12.Rad1 Ne5 13.Qe2 Nc4 14.Bc1 Rc8 15.b3 Qa5
16.Qe1 Ne5 17.Bb2 b5 18.a4 Qb6 19.axb5 axb5 20.Qe3 g5 21.Ndxb5 Qxe3 22.fxe3 Bxb5
23.Nxb5 Rxc2 24.Rf2 Rxf2 25.Kxf2 O-O 26.Nxd6 Bxd6 27.Rxd6 Nfd7 28.Bf3 Rb8
29.Bd1 f6 30.Bxe5 Nxe5 31.Rxe6 Kf7 32.Rd6 Ra8 33.Ke2 Ra2+ 34.Rd2 Ra6 35.b4 Rb6
36.Rb2 Ke7 37.Bc2 Nc6 38.b5 Ne5 39.Bd3 Kd6 40.Kd2 Kc5 41.Kc3 Rd6 42.Be2 Rb6
43.Ra2 Nd7 44.Ra8 Rb8 45.Ra7 Nb6  1-0

[Event "EU-ch U18"]
[Site "Hania"]
[Date "1994.??.??"]
[Round "6"]
[White "Lepelletier, Benoit"]
[Black "Kempinski, Robert"]
[Result "1/2-1/2"]
[WhiteElo "2365"]
[BlackElo "2385"]

1.e4 c5 2.Nf3 d6 3.d4 cxd4 4.Nxd4 Nf6 5.Nc3 a6 6.Be3 Ng4 7.Bg5 h6 8.Bh4 g5
9.Bg3 Bg7 10.Be2 h5 11.Bxg4 Bxg4 12.f3 Bd7 13.Bf2 Nc6 14.Nd5 Ne5 15.Nf5 Bxf5
16.Bb6 Qc8 17.exf5 Kf8 18.f6 Bxf6 19.Nxf6 exf6 20.Qxd6+ Kg7 21.O-O-O Qf5
22.Qd5 Rhe8 23.Kb1 Rac8 24.Rc1 Qf4 25.b3 Qb4 26.Ba5 Qa3 27.Qd2 Qc5 28.c4 b5
29.h4 g4 30.cxb5 Qxb5 31.Rxc8 Rxc8 32.Bc3 Rc7 33.Bb2 Rd7 34.Qc2 gxf3 35.gxf3 Qd3
36.Rg1+ Ng6 37.f4 Qe3 38.Rf1 Qh3 39.Rg1 Qe3 40.Rf1 Rd2 41.Qc4 Qe2 42.Bc3 Qxc4
43.bxc4 Rd6 44.f5 Nxh4 45.Kc2 Kh7 46.Rf2 Rc6 47.Kb3  1/2-1/2

[Event "Hania op"]
[Site "Hania"]
[Date "1994.??.??"]
[Round "7"]
[White "Kalesis, Nikolaos"]
[Black "Georgiev, Krum"]
[Result "1/2-1/2"]
[WhiteElo "2415"]
[BlackElo "2465"]

1.e4 c5 2.Nf3 d6 3.d4 cxd4 4.Nxd4 Nf6 5.Nc3 a6 6.Be3 e6 7.f3 b5 8.Qd2 Bb7
9.g4 Nfd7 10.O-O-O Nb6 11.Bd3 N8d7 12.Qg2 Rc8 13.Nce2 d5 14.g5 Ne5 15.Kb1 dxe4
16.Bxe4 Bxe4 17.fxe4 Nbc4 18.Bc1 Qb6 19.h4 Be7 20.h5 O-O 21.g6 Bf6 22.gxh7+ Kxh7
23.Bg5 Nd7 24.h6 g6 25.Nf3 Qc5 26.c3 Ncb6 27.Bxf6 Nxf6 28.Ng5+ Kh8 29.Nf4 e5
30.Nge6 Qe7 31.Nxf8 exf4 32.Qxg6 Qxe4+ 33.Qxe4 Nxe4 34.Nd7 Nc4 35.Rh4 b4
36.Rd4 bxc3 37.Rxe4 Nd2+ 38.Kc2 Nxe4 39.bxc3  1/2-1/2

[Event "SWE-ch"]
[Site "Haparanda"]
[Date "1994.??.??"]
[Round "4"]
[White "Ernst, Thomas"]
[Black "Astrom, Robert"]
[Result "1/2-1/2"]
[WhiteElo "2480"]
[BlackElo "2335"]

1.e4 c5 2.Nf3 d6 3.d4 cxd4 4.Nxd4 Nf6 5.Nc3 a6 6.Be3 e6 7.Qd2 b5 8.f3 Bb7
9.g4 h6 10.O-O-O Nbd7 11.h4 b4 12.Nce2 d5 13.Ng3 Bd6 14.Rg1 Qc7 15.g5 hxg5
16.hxg5 Bxg3 17.gxf6 Nxf6 18.Qxb4 Bd6 19.Qa4+ Kf8 20.Bd3 Nd7 21.Nb3 Ne5 22.Kb1 Nxf3
23.Rh1 Rxh1 24.Rxh1 Bc6 25.Qa5 Qxa5 26.Nxa5 Be8 27.exd5 exd5 28.c4 Ne5 29.c5 Bc7
30.Bf4 Ra7 31.Bc2 f6 32.Nb3 Nc6 33.Bxc7 Rxc7 34.Bd3 Ra7 35.Kc1 Kf7 36.Kd2 Bd7
37.Kc3 Ra8 38.Nd4 Nxd4 39.Kxd4 a5 40.b3 Bc6 41.a4 Rb8 42.Bb5 Bxb5 43.axb5 Rxb5
44.Re1 Rb4+ 45.Kxd5 Rxb3 46.c6 Rc3 47.Kd6 g5 48.c7 Rd3+  1/2-1/2

[Event "Harkany op"]
[Site "Harkany"]
[Date "1994.??.??"]
[Round "1"]
[White "Czebe, Attila"]
[Black "Restas, Peter"]
[Result "1-0"]
[WhiteElo "2430"]
[BlackElo "2210"]

1.e4 c5 2.Nf3 d6 3.d4 cxd4 4.Nxd4 Nf6 5.Nc3 a6 6.Be3 e6 7.f4 Nc6 8.Bc4 Bd7
9.Bb3 b5 10.Qf3 Rc8 11.O-O-O Nxd4 12.Bxd4 Bc6 13.g4 b4 14.g5 Nd7 15.Nb1 Qa5
16.Nd2 Nc5 17.Nc4 Qc7 18.Qe3 Nxe4 19.Bb6 Qb8 20.Na5 d5 21.Nxc6 Rxc6 22.Ba4 Qb7
23.Bd4 Nd6 24.Rhe1 Nb5 25.h4 Qc7 26.Kb1 Bc5 27.Bxc5 Rxc5 28.f5 O-O 29.fxe6 d4
30.Qh3 Kh8 31.Bxb5 axb5 32.Rxd4 Rxc2 33.e7  1-0

[Event "Havana op"]
[Site "Havana"]
[Date "1994.??.??"]
[Round "9"]
[White "Gonzales, Renieo"]
[Black "Alonso, Rene"]
[Result "0-1"]
[WhiteElo "2220"]
[BlackElo "2355"]

1.e4 c5 2.Nf3 d6 3.d4 cxd4 4.Nxd4 Nf6 5.Nc3 a6 6.Be3 e5 7.Nf3 Be7 8.Bc4 O-O
9.h3 Nc6 10.Bb3 Na5 11.Nd5 Nxb3 12.Nxf6+ Bxf6 13.axb3 Be6 14.O-O Be7 15.Qd2 h6
16.Rad1 f5 17.exf5 Rxf5 18.Nh2 d5 19.c3 Bd6 20.f4 exf4 21.Bxf4 Rxf4 22.Rxf4 Qc7
23.g3 Bxf4 24.Qxf4 Qxf4 25.gxf4 Rf8 26.Rd4 Bxh3 27.Kf2 Bf5 28.Rxd5 Be6 29.Rd4 Bxb3
30.Rb4 Bd5 31.Nf3 g5 32.Rd4 Bxf3 33.Kxf3 Rxf4+  0-1

[Event "FIN-ch"]
[Site "Helsinki"]
[Date "1994.??.??"]
[Round "?"]
[White "Pulkkinen, Kari"]
[Black "Nevanlinna, Risto"]
[Result "1/2-1/2"]
[WhiteElo "2360"]
[BlackElo "2300"]

1.e4 c5 2.Nf3 d6 3.d4 cxd4 4.Nxd4 Nf6 5.Nc3 a6 6.Be3 e6 7.Be2 b5 8.Bf3 e5
9.Nb3 Bb7 10.g4 b4 11.Nd5 Nxd5 12.exd5 a5 13.a3 a4 14.Nd2 Qa5 15.axb4 Qxb4
16.c3 Qb5 17.c4 Qb4 18.O-O Be7 19.Ne4 Qxc4 20.Qd2 Qb5 21.Rfc1 Qd7 22.Bb6 Na6
23.Qd1 O-O 24.Qxa4 Nb8 25.Qb3 Rxa1 26.Rxa1 f5 27.gxf5 Qxf5 28.Ra7 Nd7 29.Rxb7 Nxb6
30.Rxe7 Qxf3 31.Qxf3 Rxf3 32.Nxd6 Nxd5 33.Rxe5 Nf6 34.Rc5 h6 35.b4 Ng4 36.Kg2 Rxf2+
37.Kg3 Rd2 38.Kxg4 Rxd6 39.b5 Kf7 40.h4 g6 41.Kf4  1/2-1/2

[Event "EU-ch U16"]
[Site "Herculane"]
[Date "1994.??.??"]
[Round "1"]
[White "Maros, Milan"]
[Black "Grigore, Nicolae Petre"]
[Result "1-0"]
[WhiteElo "2195"]
[BlackElo "2185"]

1.e4 c5 2.Nf3 d6 3.d4 cxd4 4.Nxd4 Nf6 5.Nc3 a6 6.Be3 e5 7.Nb3 Be6 8.f3 Be7
9.Qd2 O-O 10.O-O-O Nbd7 11.g4 b5 12.g5 Nh5 13.Nd5 Bxd5 14.exd5 Nb6 15.Na5 Qc7
16.Nc6 Bd8 17.b3 Nd7 18.Bh3 f5 19.gxf6 Bxf6 20.Kb1 Nb8 21.Bg4 Nxc6 22.dxc6 Nf4
23.Qxd6 Qa5 24.Qd2 Qc7 25.Qd6 Qa5 26.Bd2 Qb6 27.Bc3 Ng6 28.c7 Qxd6 29.Rxd6 Ne7
30.Rhd1 a5 31.Rd8 b4 32.Be6+ Kh8 33.Rxa8  1-0

[Event "EU-ch U16 Girls"]
[Site "Herculane"]
[Date "1994.??.??"]
[Round "3"]
[White "Blazkova, Petra"]
[Black "Dworakowska, Joanna"]
[Result "0-1"]
[WhiteElo "2190"]
[BlackElo "2190"]

1.e4 c5 2.Nf3 d6 3.d4 cxd4 4.Nxd4 Nf6 5.Nc3 a6 6.Be3 e5 7.Nb3 Be6 8.Qd2 Nbd7
9.f3 Be7 10.g4 O-O 11.O-O-O b5 12.g5 b4 13.Ne2 Ne8 14.f4 a5 15.f5 Bxb3 16.cxb3 a4
17.bxa4 Rxa4 18.b3 Ra3 19.f6 gxf6 20.gxf6 Bxf6 21.Ng3 Qa5 22.Nf5 Rxa2 23.Ne7+ Kh8
24.Qxa2 Qxa2 25.Bc4 Nc7 26.Rhf1 Qa1+ 27.Kc2 Qc3+ 28.Kb1 Ra8  0-1

[Event "Hradec Kralove op"]
[Site "Hradec Kralove"]
[Date "1994.??.??"]
[Round "7"]
[White "Vodicka, Vlastimil"]
[Black "Jedlicka, Ales"]
[Result "1-0"]
[WhiteElo "2355"]
[BlackElo "2070"]

1.e4 c5 2.Nf3 d6 3.d4 cxd4 4.Nxd4 Nf6 5.Nc3 a6 6.Be3 e5 7.Nf3 Qc7 8.a4 b6
9.Be2 Bb7 10.Nd5 Nxd5 11.exd5 Be7 12.c4 Nd7 13.Nd2 O-O 14.O-O f5 15.f3 Bf6
16.Qb1 g6 17.a5 bxa5 18.Nb3 Rab8 19.Nxa5 Ba8 20.b4 f4 21.Bd2 e4 22.fxe4 Bd4+
23.Kh1 Ne5 24.Ra3 g5 25.Qd1 Qb6 26.Bg4 Rbe8 27.Bf5 Re7 28.Qh5 Rg7 29.Rh3 Qc7
30.Nb3 Ba7 31.c5 Bxd5 32.cxd6 Qf7 33.Bxh7+ Rxh7 34.Qxh7+ Qxh7 35.Rxh7 Kxh7
36.exd5 Nd3 37.Nc5 Nxc5 38.bxc5 Bxc5 39.Ra1 Bxd6 40.Rxa6 Be5 41.Re6 Bb8 42.d6 Rd8
43.Bb4 Kg7 44.Kg1 Rd7 45.Bc3+ Kf7 46.Rf6+ Ke8 47.Be5 Ba7+ 48.Kf1  1-0

[Event "Hradec Kralove op"]
[Site "Hradec Kralove"]
[Date "1994.??.??"]
[Round "8"]
[White "Dusek, Martin"]
[Black "Uchytil, M."]
[Result "1-0"]
[WhiteElo "1950"]
[BlackElo "1845"]

1.e4 c5 2.Nf3 d6 3.d4 cxd4 4.Nxd4 Nf6 5.Nc3 a6 6.Be3 e6 7.f3 Be7 8.Qd2 Qc7
9.O-O-O b5 10.g4 b4 11.Nce2 Qb7 12.Ng3 Nfd7 13.Be2 Nc5 14.h4 Bd7 15.g5 Nc6
16.Rhg1 Nxd4 17.Bxd4 Rg8 18.Nh5 e5 19.Be3 Be6 20.Ng3 g6 21.Rgf1 Rc8 22.Kb1 Na4
23.Ka1 Rc6 24.f4 a5 25.f5 Bd7 26.Qd5 Nc5 27.fxg6 Rg7 28.Nh5 Rxg6 29.Qxf7+ Kd8
30.Qxh7 Be8 31.Bxc5 Rxc5 32.Nf6 Rxc2 33.Bd3  1-0

[Event "HUN-chT2 9394"]
[Site "?"]
[Date "1994.??.??"]
[Round "?"]
[White "Feher, Gyula"]
[Black "Mozes, Zoltan"]
[Result "1/2-1/2"]
[WhiteElo "2400"]
[BlackElo "2270"]

1.e4 c5 2.Nf3 d6 3.d4 cxd4 4.Nxd4 Nf6 5.Nc3 a6 6.Be3 e5 7.Nb3 Be6 8.Qd2 Be7
9.f3 O-O 10.O-O-O Nbd7 11.g4 Rc8 12.Kb1 Qc7 13.g5 Ne8 14.h4 b5 15.h5 Nb6
16.Qf2 Nc4 17.Bxc4 Bxc4 18.Rh2 f5 19.gxf6 Bxf6 20.Qg3 Kh8 21.Qg4 Ra8 22.Nd2 Bg8
23.Nd5 Bxd5 24.exd5 Qf7 25.Ne4 Be7 26.Bg5 Bxg5 27.Nxg5 Qf4 28.Rg2 Qxg4 29.fxg4 Rc8
30.b3 b4 31.Kb2 Rf4 32.Ne6 Rf3 33.Ng5 Rf4 34.a3 a5 35.axb4 axb4 36.Ne6 Rf7
37.Ng5 Rf4 38.Ne6 Rf7 39.g5 Rf5 40.Ra1 Kg8 41.Ra4 Nc7 42.Nxc7 Rxc7 43.Rxb4 Kf7
44.Rbg4 Ke7 45.c4 Rb7 46.R4g3 Rf1 47.Rg1 Rf2+ 48.Kc3 Ra7 49.Re3 Raa2 50.Rc1 Kd7
51.Kb4 Ra8 52.Kc3 Raa2 53.Rd1 Kc7 54.Kb4 Ra8 55.Rc1 Kd7 56.Kc3 Raa2 57.Kb4  1/2-1/2

[Event "HUN-chT2 9394"]
[Site "?"]
[Date "1994.??.??"]
[Round "?"]
[White "Magyar, Otto"]
[Black "Kubacsny, Laszlo"]
[Result "1/2-1/2"]
[WhiteElo "2325"]
[BlackElo "2325"]

1.e4 c5 2.Nf3 d6 3.d4 cxd4 4.Nxd4 Nf6 5.Nc3 a6 6.Be3 e6 7.g4 Nc6 8.g5 Nd7
9.h4 Qc7 10.Qe2 b5 11.O-O-O Bb7 12.f4 Nc5 13.Bg2  1/2-1/2

[Event "HUN-chT2 9394"]
[Site "?"]
[Date "1994.??.??"]
[Round "?"]
[White "Lendvai, Noemi"]
[Black "Katona, Marton"]
[Result "0-1"]
[WhiteElo "2105"]
[BlackElo "2190"]

1.e4 c5 2.Nf3 d6 3.d4 cxd4 4.Nxd4 Nf6 5.Nc3 a6 6.Be3 Ng4 7.Bg5 h6 8.Bc1 Nf6
9.Bc4 e6 10.Bb3 Nbd7 11.Be3 Nc5 12.f3 e5 13.Nde2 Nxb3 14.axb3 Be6 15.Nd5 Nxd5
16.exd5 Bf5 17.O-O Be7 18.f4 exf4 19.Nxf4 O-O 20.Bd4 Qd7 21.c4 Rfe8 22.Qf3 Bf8
23.Qc3 Re4 24.b4 Rc8 25.b3 Bg4 26.Rf2 g5 27.Raf1 gxf4 28.Rxf4 Rxf4 29.Rxf4 Bf5
30.Rh4 Qe7 31.Bf6 Qe2 32.h3 Qd3 33.Rg4+ Kh7  0-1

[Event "HUN-chT2 9394"]
[Site "?"]
[Date "1994.??.??"]
[Round "?"]
[White "Istvandi, Lajos"]
[Black "Mihalko, Jozsef"]
[Result "1-0"]
[WhiteElo "2355"]
[BlackElo "2290"]

1.e4 c5 2.Nf3 d6 3.d4 cxd4 4.Nxd4 Nf6 5.Nc3 a6 6.Be3 e6 7.Qd2 Be7 8.f3 Nc6
9.O-O-O Qc7 10.g4 Ne5 11.g5 Nfd7 12.f4 Nc4 13.Bxc4 Qxc4 14.Nb3 b5 15.Qg2 a5
16.a4 bxa4 17.Rd4 Qc7 18.Rxa4 Nc5 19.Nxc5 dxc5 20.Rd1 Bb7 21.Qf2 h6 22.h4 hxg5
23.hxg5 Rd8 24.Rxd8+ Kxd8 25.b3 Ba6 26.Kb2 Kc8 27.e5 Kb7 28.Qf3+ Kb6 29.Qf2 Qc6
30.Ra1 Bb5 31.Qe1 Ra8 32.Ne4 Ra6 33.c4 Kc7 34.cxb5 Qxb5 35.Nxc5  1-0

[Event "HUN-chT2 9394"]
[Site "?"]
[Date "1994.??.??"]
[Round "?"]
[White "Horvath, A."]
[Black "Somlo, Bela"]
[Result "1-0"]
[WhiteElo "2270"]
[BlackElo "2140"]

1.e4 c5 2.Nf3 d6 3.d4 cxd4 4.Nxd4 Nf6 5.Nc3 a6 6.Be3 e6 7.f3 Be7 8.Qd2 Nc6
9.g4 h6 10.O-O-O Qc7 11.h4 Nxd4 12.Bxd4 e5 13.Be3 Be6 14.Kb1 Rc8 15.Rg1 Nd7
16.g5 hxg5 17.hxg5 Nf8 18.f4 exf4 19.Bd4 Ng6 20.Bxg7 Rh5 21.Bf6 Qc5 22.Bg2 b5
23.Bf3 Rh4 24.Nd5 Bxd5 25.exd5 Bxf6 26.gxf6 Ne5 27.Be4 Rg4 28.Qh2 Kd8 29.Bf5 Rxg1
30.Qh8+  1-0

[Event "Hyvinkaeae We HyvSK"]
[Site "Hyvinkaeae"]
[Date "1994.??.??"]
[Round "?"]
[White "Sammalvuo, Tapani"]
[Black "Rytshagov, Mikhail"]
[Result "0-1"]
[WhiteElo "2280"]
[BlackElo "2480"]

1.e4 c5 2.Nf3 d6 3.d4 cxd4 4.Nxd4 Nf6 5.Nc3 a6 6.Be3 e6 7.f3 b5 8.Qd2 Nbd7
9.g4 Nb6 10.Bd3 Bb7 11.O-O-O Rc8 12.Nce2 Be7 13.Ng3 O-O 14.h4 Nfd7 15.f4 Nc5
16.Kb1 Nc4 17.Qe2 Nxb2 18.Kxb2 Na4+ 19.Kc1 d5 20.Bd2 dxe4  0-1

[Event "JUG-chT"]
[Site "Igalo"]
[Date "1994.??.??"]
[Round "?"]
[White "Knezevic, Bojan"]
[Black "Jovanovic, Milenko"]
[Result "1-0"]
[WhiteElo "2385"]
[BlackElo "2335"]

1.e4 c5 2.Nf3 d6 3.d4 cxd4 4.Nxd4 Nf6 5.Nc3 a6 6.Be3 e5 7.Nb3 Be6 8.Qd2 Nbd7
9.f3 Qc7 10.g4 Nb6 11.O-O-O Nc4 12.Bxc4 Bxc4 13.g5 Nd7 14.h4 Be7 15.f4 exf4
16.Bxf4 Ne5 17.Nd5 Bxd5 18.exd5 O-O-O 19.Rh3 Kb8 20.Rc3 Qd7 21.Qd4 Rc8 22.Bxe5 dxe5
23.Qxe5+ Bd6 24.Qxg7 Qf5 25.Qf6 Qxf6 26.gxf6 Rhg8 27.Rxc8+ Kxc8 28.c4 Rg6
29.c5 Be5 30.Na5 Bc7 31.Nc4 Rxf6 32.Kc2 Rf4 33.Kd3 Rxh4 34.Rf1 Rf4 35.Rh1 Rf3+
36.Ke4 Rf4+ 37.Kd3 Rf3+ 38.Ke2 Rf4 39.b3 Rf5 40.Ne3 Re5 41.Rxh7 Bd8 42.Kf3 f6
43.b4 Rg5 44.Ke4 Rg3 45.d6 Rg1 46.Nd5 Re1+ 47.Kd4 Rd1+ 48.Kc4 Rc1+ 49.Kb3 Rd1
50.Nc7 Re1 51.Rf7 Re3+ 52.Kc4 Re1 53.a4 Re4+ 54.Kc3 Re5 55.a5 f5 56.Na8 Re3+
57.Kd4  1-0

[Event "IND-ch"]
[Site "?"]
[Date "1994.??.??"]
[Round "15"]
[White "Saravanan, V."]
[Black "Murugan, Krishnamoorthy"]
[Result "1/2-1/2"]
[WhiteElo "2420"]
[BlackElo "2410"]

1.e4 c5 2.Nf3 d6 3.d4 cxd4 4.Nxd4 Nf6 5.Nc3 a6 6.Be3 g6 7.f3 b5 8.Qd2 Bb7
9.O-O-O Nbd7 10.Kb1 h5 11.a3 Bg7 12.Bd3 Rc8 13.Rhe1 Ne5  1/2-1/2

[Event "ISL-ch playoff"]
[Site "?"]
[Date "1994.??.??"]
[Round "2"]
[White "Stefansson, Hannes"]
[Black "Olafsson, Helgi"]
[Result "0-1"]
[WhiteElo "2525"]
[BlackElo "2535"]

1.e4 c5 2.Nf3 d6 3.d4 cxd4 4.Nxd4 Nf6 5.Nc3 a6 6.Be3 e6 7.f3 b5 8.g4 h6 9.Qd2 Bb7
10.O-O-O Nbd7 11.h4 b4 12.Nce2 d5 13.Bh3 dxe4 14.g5 hxg5 15.hxg5 exf3 16.Ng3 Ne4
17.Nxe4 Bxe4 18.Bf4 Nc5 19.Qe3 Qb6 20.g6 f5 21.Nxf5 exf5 22.Bxf5 Rxh1 23.Rxh1 Nd3+  0-1

[Event "ISL-ch"]
[Site "ISL"]
[Date "1994.??.??"]
[Round "1"]
[White "Vidarsson, Jon G"]
[Black "Olafsson, Helgi"]
[Result "0-1"]
[WhiteElo "2310"]
[BlackElo "2535"]

1.e4 c5 2.Nf3 d6 3.d4 cxd4 4.Nxd4 Nf6 5.Nc3 a6 6.Be3 e6 7.f3 b5 8.g4 h6 9.h4 Bb7
10.Qd2 Nbd7 11.O-O-O b4 12.Nce2 d5 13.Bh3 Ne5 14.Nf4 Qa5 15.Kb1 dxe4 16.g5 hxg5
17.hxg5 Nc4 18.Qe2 Nxe3 19.Qxe3 Qxg5 20.Nfxe6 Qxe3 21.Nc7+ Kd8 22.Nxa8 Nd5
23.Nb6 Kc7 24.Nxd5+ Bxd5  0-1

[Event "Isla Guitart op"]
[Site "Isla Guitart "]
[Date "1994.??.??"]
[Round "?"]
[White "Mendez, Eduardo"]
[Black "Boudy, Julio"]
[Result "1/2-1/2"]
[WhiteElo "2365"]
[BlackElo "2295"]

1.e4 c5 2.Nf3 d6 3.d4 cxd4 4.Nxd4 Nf6 5.Nc3 a6 6.Be3 e5 7.Nb3 Be7 8.Be2 O-O
9.a4 Nc6 10.O-O Be6 11.Bf3 Rc8 12.a5 Bxb3 13.cxb3 Nxa5 14.Nd5 Nc6 15.Bb6 Qe8
16.Nxf6+ Bxf6 17.Bg4 Ra8 18.Qxd6 Nd4 19.Rad1 Qb5 20.b4 Nc6 21.Qc5 Be7 22.Qxb5 axb5
23.Rd5 Ra2 24.Rxb5 Rxb2 25.Rd1 Ra8 26.g3 Ra4 27.Bc5 Bxc5 28.Rxc5 g6 29.Bc8 Rbxb4
30.Rd7 Ra5 31.Rc2 Rab5 32.Bxb7  1/2-1/2

[Event "Isla Guitart op"]
[Site "Isla Guitart "]
[Date "1994.??.??"]
[Round "?"]
[White "Carbajal, Ana Luisa"]
[Black "Boudy, Julio"]
[Result "0-1"]
[WhiteElo "2085"]
[BlackElo "2295"]

1.e4 c5 2.Nf3 d6 3.d4 cxd4 4.Nxd4 Nf6 5.Nc3 a6 6.Be3 e5 7.Nb3 Be7 8.Be2 O-O
9.O-O Nc6 10.h3 Be6 11.f4 exf4 12.Bxf4 Ne5 13.Kh1 Rc8 14.Nd4 Nc4 15.Rb1 Nxb2
16.Qe1 Nc4 17.Rxb7 Rc7 18.Rb4 Qc8 19.Nf5 Bxf5 20.exf5 Na3 21.Rb3 Nxc2 22.Qd2 Nb4
23.a3 Nc6 24.Bg5 Na5 25.Rfb1 Nxb3 26.Rxb3 Qxf5 27.Bxf6 Bxf6 28.Nd5 Bg5 29.Qd4 Rc1+
30.Kh2 Rc5 31.Bf3 Qe5+ 32.Qxe5 dxe5 33.Nb4 a5 34.Nc6 f5 35.Na7 e4 36.Be2 Bf4+
37.Kg1 Rd8 38.g4 Rd2  0-1

[Event "JUG-chT2"]
[Site "?"]
[Date "1994.??.??"]
[Round "11"]
[White "Misailovic, Nebojsa"]
[Black "Petrosian, Arshak B"]
[Result "1-0"]
[WhiteElo "2405"]
[BlackElo "2455"]

1.e4 c5 2.Nf3 d6 3.d4 cxd4 4.Nxd4 Nf6 5.Nc3 a6 6.Be3 Ng4 7.Bg5 h6 8.Bh4 g5
9.Bg3 Bg7 10.h3 Ne5 11.Be2 Nbc6 12.Nf5 Bxf5 13.exf5 Nd4 14.Bg4 Nc4 15.Rb1 Nxb2
16.Rxb2 Qa5 17.O-O Qxc3 18.Rxb7 Bf6 19.Be2 Qc6 20.Rb4 Nxe2+ 21.Qxe2 O-O 22.h4 Rfb8
23.Rg4 Rb5 24.hxg5 hxg5 25.f4 Rxf5 26.fxg5 Rxf1+ 27.Qxf1 Qc5+ 28.Bf2 Qf5
29.Qc4 Bg7 30.g6 Rc8 31.gxf7+ Kf8 32.Qb4 Rxc2 33.Be3 Rb2 34.Qa4 Rb1+ 35.Kh2 Qh5+  1-0

[Event "JUG-ch sf"]
[Site "Kladovo"]
[Date "1994.??.??"]
[Round "?"]
[White "Ristic, Nebojsa"]
[Black "Misailovic, Nebojsa"]
[Result "0-1"]
[WhiteElo "2395"]
[BlackElo "2405"]

1.e4 c5 2.Nf3 d6 3.d4 cxd4 4.Nxd4 Nf6 5.Nc3 a6 6.Be3 e6 7.f3 b5 8.Qd2 Nbd7
9.g4 h6 10.h4 Bb7 11.Rg1 Ne5 12.g5 Nfd7 13.f4 b4 14.Na4 Qa5 15.fxe5 Qxa4
16.g6 fxg6 17.Rxg6 O-O-O 18.exd6 Ne5 19.Rxe6 Bxd6 20.Bf4 Qa5 21.a4 g5 22.hxg5 hxg5
23.O-O-O Nc4 24.Rxd6 Nxd2 25.Nc6 Bxc6 26.Rxc6+ Kb7 27.Rxa6 Nb3+  0-1

[Event "JUG-ch sf"]
[Site "Kladovo"]
[Date "1994.??.??"]
[Round "?"]
[White "Kovacevic, Aleksandar"]
[Black "Ilincic, Zlatko"]
[Result "0-1"]
[WhiteElo "2405"]
[BlackElo "2530"]

1.e4 c5 2.Nf3 d6 3.d4 cxd4 4.Nxd4 Nf6 5.Nc3 a6 6.Be3 e6 7.f3 b5 8.g4 Bb7
9.Qd2 Nfd7 10.O-O-O Be7 11.h4 Nb6 12.Bd3 N8d7 13.Qf2 Rc8 14.Nce2 O-O 15.g5 Na4
16.Kb1 d5 17.g6 hxg6 18.exd5 Bxd5 19.Nf4 Bxa2+ 20.Kxa2 Qa5 21.Kb1 Nxb2 22.Kxb2 Rc4
23.Bxc4 bxc4 24.Nd3 Bf6 25.Rb1 cxd3 26.cxd3 Rb8+ 27.Kc1 Qa3+ 28.Rb2 Qa1+  0-1

[Event "JUG-ch sf"]
[Site "Kladovo"]
[Date "1994.??.??"]
[Round "?"]
[White "Knezevic, Bojan"]
[Black "Marjanovic, Slavoljub"]
[Result "1/2-1/2"]
[WhiteElo "2385"]
[BlackElo "2425"]

1.e4 c5 2.Nf3 d6 3.d4 cxd4 4.Nxd4 Nf6 5.Nc3 a6 6.Be3 e5 7.Nb3 Be6 8.f3 Nbd7
9.g4 Nb6 10.g5 Nfd7 11.Qd2 h6 12.O-O-O hxg5  1/2-1/2

[Event "Kopavogur"]
[Site "Kopavogur"]
[Date "1994.??.??"]
[Round "?"]
[White "Vidarsson, Jon G"]
[Black "Gislason, Gudmundur"]
[Result "1-0"]
[WhiteElo "2310"]
[BlackElo "2325"]

1.e4 c5 2.Nf3 d6 3.d4 cxd4 4.Nxd4 Nf6 5.Nc3 a6 6.Be3 e6 7.f3 b5 8.g4 h6 9.Rg1 b4
10.Nce2 e5 11.Nb3 d5 12.Ng3 Bb7 13.h4 d4 14.Bf2 Qc7 15.Bd3 Nc6 16.g5 hxg5
17.hxg5 Nd7 18.g6 f6 19.Qe2 Nd8 20.Nf5 Ne6 21.Bc4 Nf4 22.Bf7+ Kd8 23.Qd2 Rh2
24.O-O-O d3 25.Bb6 Qxb6 26.Qxh2 Rc8 27.Rd2 a5 28.Kb1 a4 29.Nc1 dxc2+ 30.Rxc2 Rxc2
31.Kxc2 Nc5 32.Rd1+ Kc7 33.Qd2 Nfe6 34.Kb1 Kb8 35.Nd3 b3 36.Nxc5 Bxc5 37.Ka1  1-0